Kỹ thuật trồng một số cây thuốc quý hiếm dưới tán rừng và vườn nhà

Giới thiệu kỹ thuật chung về trông cây thuốc và một số loài thuốc quý như: ba kích, củ dòm, sa nhân tím...

Guardado en:
Detalles Bibliográficos
Autor principal: Trần, Ngọc Hải
Formato: Libro
Lenguaje:Undetermined
Publicado: Hà Nội Nông Nghiệp 2013
Materias:
Etiquetas: Agregar Etiqueta
Sin Etiquetas, Sea el primero en etiquetar este registro!
Thư viện lưu trữ: Trung tâm Học liệu Trường Đại học Cần Thơ
LEADER 00798nam a2200193Ia 4500
001 CTU_186016
008 210402s9999 xx 000 0 und d
082 |a 633.88 
082 |b H103/T.1 
100 |a Trần, Ngọc Hải 
245 0 |a Kỹ thuật trồng một số cây thuốc quý hiếm dưới tán rừng và vườn nhà 
245 0 |c Trần Ngọc Hải 
260 |a Hà Nội 
260 |b Nông Nghiệp 
260 |c 2013 
520 |a Giới thiệu kỹ thuật chung về trông cây thuốc và một số loài thuốc quý như: ba kích, củ dòm, sa nhân tím... 
650 |a Botaby, medical,Medicinal plants,Cây thuốc 
904 |i Nhựt 
980 |a Trung tâm Học liệu Trường Đại học Cần Thơ